000 00698nam a2200289Ia 4500
005 20260324121449.0
008 008 260324s9999 xx 000 0 eng d
020 _a9781315770055
037 _aEBOOK
040 _aCRL
040 _beng
040 _cCRL
041 _2eng
041 _aeng
084 _qCRL
100 _aJan N. Bremmer
_91162146
245 0 _aFrom Sappho to De Sade (Routledge Revivals)
245 0 _bMoments in the History of Sexuality
260 _bTaylor and Francis
260 _c2014
365 _a
365 _b290
856 _uhttp://www.taylorfrancis.com/books/9781315770055
942 _cEBOOK
999 _c1754728
_d1754728